| 000 | 01617nam a22002897a 4500 | ||
|---|---|---|---|
| 008 | 100808t1993 xxu||||| |||| 00| 0 ara d | ||
| 082 |
_222 _bش ا م _a214.2 |
||
| 100 | 1 |
_917268 _aشامة، محمد |
|
| 245 |
_aعقائد وتيارات فكرية معاصرة / _cمحمد شامة، عدنان زرزور، محمد الجليند، بكر زكي عوض. |
||
| 260 |
_aقطر : _bدار قطري بن الفجاءة ، _c1993. |
||
| 300 |
_a395 ص : _c24 سم. |
||
| 504 | _aيحتوي علي ارجاعات ببليوجرافية | ||
| 541 |
_aألف باء ؛ _cشراء ؛ |
||
| 650 | 0 |
_917274 _aالإسلام والديانات الأخرى |
|
| 650 | 0 |
_911306 _aالإسلام والمسيحية |
|
| 650 | 0 |
_916855 _aالإسلام و اليهودية |
|
| 650 | 0 |
_98615 _aالقومية العربية. |
|
| 650 | 0 |
_98609 _aالعلمانية |
|
| 650 | 0 |
_913590 _aالشيوعية |
|
| 700 | 1 |
_917269 _aزرزور، عدنان _eمؤلف |
|
| 700 | 1 |
_917270 _aالجليند، محمد _eمؤلف |
|
| 700 | 1 |
_917271 _aعوض، بكر زكي _eمؤلف |
|
| 710 |
_917272 _aجامعة قطر _bكلية الشريعة والدراسات الإسلامية|قسم الدعوة والثقافة الإسلامية _cالدوحة |
||
| 942 |
_2ddc _cBB |
||
| 999 |
_c14644 _d14644 |
||